ბათუმის შოთა რუსთაველის სახელმწიფო უნივერსიტეტის ბიბლიოთეკა

ჯიშთმცოდნეობა : (ბიბ.ჩანაწერი № 59453)

000 -ლიდერი
ფიქსირებული სიგრძის საკონტროლო ველი 01233nam a22002297a 4500
003 - საკონტროლო ნომრის იდენტიფიკატორი
საკონტროლო ველი Ge_BSU
005 - ბოლო ოპერაციის თარიღი და დრო
საკონტროლო ველი 20230221112044.0
008 - ფიქსირებული სიგრძის მონაცემთა ელემენტები - ზოგადი ინფორმაცია
ფიქსირებული სიგრძის საკონტროლო ველი 230221s2009ge xxu||||| |||| 00| 0 geo d
020 ## - წიგნის საერთაშორისო სტანდარტული ნომერი
International Standard Book Number 9789414110502
041 ## - ენის კოდი
Language code of text/sound track or separate title geo
080 ## - უნივერსალური ათობითი კლასიფიკაციის ინდექსი
Universal Decimal Classification number 634.8+633/635 ჯ-56
245 ## - ცნობა სათაურის შესახებ
Title ჯიშთმცოდნეობა :
Remainder of title ( ვაზის, ხილ-ბოსტნეულისა და მარცვლოვანი კულტურების) /
Statement of responsibility, etc ქ.რობაქიძე, ბ.აბაშიძე, ელ.მაღლაკელიძე და სხვ.. რედ. ზ. ტყებუჩავა
264 ## - წარმოების, გამოცემის, დისტრიბუციის და სხვა ცნობები
გამოცემის, წარმოების, დისტრიბუციის... ადგილი თბილისი :
გამოცემის, წარმოების, დისტრიბუციის... სახელწოდება საქართველოს სახელმწიფო აგრარული უნ-ტი,
გამოცემის, წარმოების, დისტრიბუციის... თარიღი 2009.
300 ## - ფიზიკური აღწერა
Extent 272 გვ .:
Other physical details 21 სმ.
653 ## - INDEX TERM--UNCONTROLLED
Uncontrolled term ჯიშთმცოდნეობა
653 ## - INDEX TERM--UNCONTROLLED
Uncontrolled term მებაღეობა ზოგადად მეხილეობა
700 ## - ADDED ENTRY--PERSONAL NAME
Personal name რობაქიძე, ქ
9 (RLIN) 16988
700 ## - ADDED ENTRY--PERSONAL NAME
Personal name აბაშიძე, ბ
9 (RLIN) 16989
700 ## - ADDED ENTRY--PERSONAL NAME
Personal name მაღლაკელიძე, ელ
9 (RLIN) 16990
700 ## - ADDED ENTRY--PERSONAL NAME
Personal name ტყებუჩავა, ზ
Relator term რედაქტორი
9 (RLIN) 16991
942 ## - ADDED ENTRY ELEMENTS (KOHA)
Source of classification or shelving scheme
Koha item type ქსეროასლი
ეგზემპლარები
ჩამოწერის სტატუსი დაკარგული ეგზემპლარის სტატუსი კლასიფიკაციის წყარო ან თაროზე გაწყობის სქემა დაზიანების სტატუსი არ გაიცემა მუდმივი მდებარეობა (დაცვის ადგილი) ამჟამინდელი ადგილსამყოფელი თაროზე განთავსების ადგილი შეძენის თარიღი ღირებულება, შესყიდვის ნორმალური ფასი სრული შენახვის შიფრი შტრიხკოდი ბოლო ოპერაციის თარიღი ეგზემპლარის მიმდევრობითი ნომერი (კეტერი?) ფასის ძალაში შესვლის თარიღი ეგზემპლარის სახეობა საჯარო შენიშვნა
          ბათუმის შოთა რუსთაველის სახელმწიფო უნივერსიტეტის მთავარი ბიბლიოთეკა აგრარული და მემბრანული ტექნოლოგიების ინსტიტუტის ბიბლიოთეკა წიგნსაცავი 2023-02-21 6.00 634.8+633/635 ჯ-56 00603 2023-02-21 00603 2023-02-21 ქსეროასლი 6ლ.80თ.